Letter | City |
N | New York City, USA | | 90.7% | B | Beijing, China | | 89.5% | L | London, UK | | 88.3% | T | Tokyo, Japan | | 86.9% | P | Paris, France | | 84.6% | M | Moscow, Russia | | 83.5% | M | Mumbai, India | | 81.9% | S | Shanghai, China | | 81.7% | M | Mexico City, Mexico | | 80.9% | C | Cairo, Egypt | | 80.5% | J | Jakarta, Indonesia | | 79.9% | B | Buenos Aires, Argentina | | 77.2% | D | Delhi, India | | 76% | I | Istanbul, Turkey | | 75.5% | R | Rio de Janeiro, Brazil | | 73.6% | M | Madrid, Spain | | 73.5% | S | Seoul, South Korea | | 73.3% | R | Rome, Italy | | 71.5% | B | Bangkok, Thailand | | 70.2% | S | Sao Paulo, Brazil | | 69.6% | H | Hong Kong, China | | 68.7% | J | Johannesburg, South Africa | | 68.5% | O | Osaka, Japan | | 68.5% | B | Bogota, Colombia | | 68.4% | M | Manila, Philippines | | 67.7% | L | Lima, Peru | | 67.3% | T | Tehran, Iran | | 67.3% | L | Lagos, Nigeria | | 67% | A | Ankara, Turkey | | 66.7% | K | Kolkata, India | | 66% | B | Baghdad, Iraq | | 65.6% | K | Karachi, Pakistan | | 65% | T | Toronto, Canada | | 65% | S | Santiago, Chile | | 63.1% | W | Warsaw, Poland | | 60.8% | A | Alexandria, Egypt | | 58.6% | D | Dhaka, Bangladesh | | 58.6% | H | Ho Chi Minh City, Vietnam | | 58% | K | Kinshasa, Democratic Republic of the Congo | | 57.4% | R | Riyadh, Saudi Arabia | | 57.2% | G | Guangzhou, China | | 56.9% | A | Addis Ababa, Ethiopia | | 56.1% |
|
Letter | City |
Q | Quito, Ecuador | | 55.5% | N | Nairobi, Kenya | | 53.7% | L | Lahore, Pakistan | | 53.2% | V | Vienna, Austria | | 52.7% | P | Pyongyang, North Korea | | 51.5% | C | Chennai, India | | 50.8% | K | Kabul, Afghanistan | | 49.2% | T | Taipei, Taiwan | | 48% | C | Casablanca, Morocco | | 47.7% | W | Wuhan, China | | 47.5% | H | Hyderabad, India | | 46.6% | N | Nanjing, China | | 46.5% | A | Ahmedabad, India | | 44.2% | Y | Yangon, Myanmar | | 43.9% | A | Abidjan, Cote D'Ivoire | | 41.5% | T | Tianjin, China | | 40.8% | L | Luanda, Angola | | 38.9% | C | Chengdu, China | | 38.2% | E | Essen, Germany | | 37.8% | Y | Yokohama, Japan | | 36.8% | P | Pune, India | | 36.6% | C | Chongqing, China | | 36.5% | R | Recife, Brazil | | 34.2% | H | Harbin, China | | 33.9% | I | Izmir, Turkey | | 33.6% | F | Fortaleza, Brazil | | 33% | U | Urumqi, China | | 31.8% | F | Faisalabad, Pakistan | | 31.8% | J | Jeddah, Saudi Arabia | | 31.6% | Q | Qingdao, China | | 31.6% | J | Jaipur, India | | 31.3% | H | Hangzhou, China | | 31.1% | Y | Yaounde, Cameroon | | 30.9% | K | Kano, Nigeria | | 30.7% | Q | Quezon City, Philippines | | 29.6% | G | Guayaquil, Ecuador | | 28.2% | I | Ibadan, Nigeria | | 28.1% | E | Edmonton, Canada | | 27.9% | O | Odessa, Ukraine | | 27.8% | U | Ulaanbaatar, Mongolia | | 27.6% | V | Valencia, Venezuela | | 27.2% | F | Fuzhou, China | | 26.8% |
|
Letter | City |
Z | Zhengzhou, China | | 26.4% | D | Daegu, South Korea | | 26.1% | F | Fukuoka, Japan | | 26% | I | Incheon, South Korea | | 24.9% | U | Ufa, Russia | | 24.6% | O | Ouagadougou, Burkina Faso | | 24.4% | S | Surat, India | | 23.8% | E | Esfahan, Iran | | 23.5% | O | Omsk, Russia | | 23.1% | G | Giza, Egypt | | 22% | N | Nagpur, India | | 20.9% | D | Dongguan, China | | 20.6% | N | Nanning, China | | 20.3% | W | Wuxi, China | | 20% | R | Rawalpindi, Pakistan | | 19.7% | Z | Zibo, China | | 19.1% | V | Volgograd, Russia | | 18.8% | I | Indore, India | | 17.3% | P | Port Harcourt, Nigeria | | 16.8% | V | Varanasi, India | | 14.6% | P | Puebla, Mexico | | 13.6% | V | Vadodara, India | | 13.5% | J | Jilin, China | | 12.5% | G | Guiyang, China | | 12.2% | O | Omdurman, Sudan | | 12.1% | E | Ecatepec, Mexico | | 12% | Q | Quanzhou, China | | 10.7% | Z | Zhongshan, China | | 9.4% | U | Ulsan, South Korea | | 8.1% | E | Ezhou, China | | 7.6% | Y | Yantai, China | | 6.5% | Z | Zapopan, Mexico | | 6.1% | U | Ujung Pandang, Indonesia | | 5.9% | D | Durg, India | | 5.2% | F | Fuyang, China | | 5% | W | Weifang, China | | 4.8% | Q | Qiqihaer, China | | 4.5% | Z | Zhanjiang, China | | 2.3% | G | Gaozhou, China | | 2.1% | W | Wafangdian, China | | 1.9% | Y | Yongcheng, China | | 1.3% |
|
Comments